000 00762nam a2200253 a 4500
001 6458
003 BD-RjUL
005 20211208234239.0
008 160827s1964 stka b 001 0 eng
035 _a(BD-RjUL)6499
040 _aDLC/ICU
_cICU
_dDLC
_dBD-RjUL
_beng
041 _aeng
082 0 0 _a512.3
_bADI 1964
_223
100 1 _aAdamson, Iain T.
_920328
245 1 0 _aIntroduction to field theory /
_cIain T. Adamson.
250 _a1st ed.
260 _aEdinburgh :
_bOliver & Boyd ;
_aNew York :
_bInterscience Publishers,
_cc1964
300 _aviii, 180 p. ;
_c18 cm.
504 _aBibliographical footnotes and index.
650 0 _aAlgebraic fields.
_920330
942 _2ddc
_cBK
999 _c6458
_d6458